Культура устного общения и пределы фонетического варьирования русского слова; Варьирование в языке и смежные с ним явления

Մատենագիտական մանրամասներ
Parent link:Варьирование в языке и смежные с ним явления.— 2015.— [С. 237-240]
Հիմնական հեղինակ: Осипов Б. И.
Համատեղ հեղինակ: Омский государственный университет им. Ф. М. Достоевского (ОмГУ)
Ամփոփում:Заглавие с титульного экрана
Լեզու:ռուսերեն
Հրապարակվել է: 2015
Խորագրեր:
Առցանց հասանելիություն:http://www.lib.tpu.ru/fulltext/m/2015/ntb_elib/010.pdf
Ձևաչափ: Էլեկտրոնային Գրքի գլուխ
KOHA link:https://koha.lib.tpu.ru/cgi-bin/koha/opac-detail.pl?biblionumber=317223

MARC

LEADER 00000naa2a2200000 4500
001 317223
005 20260202111205.0
035 |a (RuTPU)RU\TPU\book\342691 
035 |a RU\TPU\book\342688 
090 |a 317223 
100 |a 20160406d2015 k y0rusy50 ca 
101 0 |a rus 
102 |a RU 
135 |a drgn ---uucaa 
181 0 |a i  
182 0 |a b 
200 1 |a Культура устного общения и пределы фонетического варьирования русского слова  |f Б. И. Осипов 
203 |a Текст  |c электронный 
300 |a Заглавие с титульного экрана 
320 |a [Библиогр.: с. 240 (3 назв.)] 
337 |a Adobe Reader 
463 0 |0 (RuTPU)RU\TPU\book\337495  |t Варьирование в языке и смежные с ним явления  |o монография  |f О. А. Александров [и др.]  |g Национальный исследовательский Томский политехнический университет (ТПУ)  |v [С. 237-240]  |d 2015 
610 1 |a труды учёных ТПУ 
610 1 |a электронный ресурс 
610 1 |a культура 
610 1 |a устное общение 
610 1 |a фонетика 
610 1 |a варьирование 
610 1 |a русский язык 
700 1 |a Осипов  |b Б. И. 
712 0 2 |a Омский государственный университет им. Ф. М. Достоевского (ОмГУ)  |3 (RuTPU)RU\TPU\col\403 
801 2 |a RU  |b 63413507  |c 20160406  |g RCR 
856 4 |u http://www.lib.tpu.ru/fulltext/m/2015/ntb_elib/010.pdf 
942 |c CF